000 00840nam a2200253Ia 4500
003 OSt
005 20220923222611.0
006 a|||||r|||| 00| 0
007 ta
008 220922b |||||||| |||| 00| 0 hin d
024 _a206,391
037 _cTextual
040 _aARTS
_cARTS
_bhin
041 _2hin
_ahin
082 _aO152,6:g, K3
100 _aशुक्ल, वल्लभ
_9156290
245 0 _aहिन्दी के वैयक्तिक निबंध
246 _aHindī ke vaiyaktik nibandha
260 _aइलाहाबाद
_b साहित्य भवन प्रा0 लि0
_c1963
300 _a192पृ.
_ccm.
650 _aहिन्दी साहित्य
_9156264
942 _hO152,6:g, K3
_cTEXL
_2CC
999 _c357033
_d357033